000 01280nam0a2200325 i 4500
001 RU\NLR\BIBL_A\010413381
005 20260405143717.0
010 _a9785699703999
_91500
021 _aRU
_b2014-34820
_92121
035 _a(NILC)RuMoRGB-007492917
035 _a(NLR Aleph) 010413381
090 _a9772844
_c9772844
100 _a20140708d2014 um y0rusy50 ca
101 0 _arus
102 _aRU
105 _aac||z||||00yy
200 1 _a"Пламенные моторы" Архипа Люльки
_e[Су-7, Су-9, Су-11, Су-17, Су-24, Су-27]
_fЛидия Кузьмина
210 _aМосква
_cЯуза
_cЭксмо
_d2014
215 _a605, [1] с.
_cил., портр.
_d21
225 1 _aГении авиации
333 _a16+
600 1 _aЛюлька
_bА.М.
_f1908 - 1984
_gАрхип Михайлович
_91105351
_3RU\NLR\AUTH\66116148
686 1 _aО551.411д(2)Люлька
700 1 _8rus
_7ca
_aКузьмина
_bЛ. М.
_cписатель
_gЛидия Михайловна
_3RU\NLR\AUTH\7759401
_942332
702 1 _4570
_8rus
_7ca
_aЛюлька
_bА. М.
_f1908-1984
_gАрхип Михайлович
_3RU\NLR\AUTH\7759405
_942336
801 0 _aRU
_bРГБ
_c20140520
_gRCR
942 _cBOOK
980 _aNBR